|
|
|
|
| LEADER |
00949cam a2200265 7i4500 |
| 001 |
0000036907 |
| 005 |
20220630090000.0 |
| 007 |
ta |
| 008 |
220630s2022 eng |
| 040 |
|
|
|a MATR
|
| 090 |
0 |
0 |
|a M 684.1025
|b MAL
|
| 245 |
0 |
0 |
|a MALAYSIA furniture 2022.
|
| 250 |
0 |
0 |
|a 30th edition.
|
| 264 |
|
1 |
|a Subang Jaya, Selengor:
|b FEM Mediahaus,
|c 2022.
|
| 300 |
|
|
|a 218 pages:
|b colour photographs;
|c 26 cm.
|
| 336 |
|
|
|a text
|2 rdacontent
|
| 337 |
|
|
|a unmediated
|2 rdamedia
|
| 338 |
|
|
|a volume
|2 rdacarrier
|
| 650 |
|
0 |
|a Furniture --
|z Malaysia
|
| 999 |
|
|
|a 0000041819
|b Book
|c Book
|e Business Information Centre
|
| 999 |
|
|
|a JHR000481H
|b Book
|c Book
|e Business Information Centre
|
| 999 |
|
|
|a PNG001189H
|b Book
|c Book
|e Business Information Centre
|
| 999 |
|
|
|a SBH001159H
|b Book
|c Book
|e Business Information Centre
|
| 999 |
|
|
|a SRW000585H
|b Book
|c Book
|e Business Information Centre
|
| 999 |
|
|
|a TRG000469H
|b Book
|c Book
|e Business Information Centre
|